000 00693nam a22002297a 4500
003 UA-OsUOA
001 35312
007 ta
008 20051121b un ||||| |||| 00| 0 ukr d
090 _a821.161.2
_bС71
942 _cBK
040 _aUA-OsUOA
_bukr
_cUA-OsUOA
_dUA-OsUOA
245 _aСпадщина поколінь
_bПрадавні українські літературні пам'ятки
_cупор. О.Т. Мукомели
300 _a592 с.
955 _a3
041 _aukr
080 _a821.161.2
020 _a966-8066-00-6
260 _aК.
_bГрамота
_c2005
650 7 _a9 Географія. Біографії. Історія
_2UDC
999 _c321674
_d321674